MDQL
is popping MORE tags! Check the
thread
!
Quizzes
Events
Quiz Creation
Community
Videos
Private Events
Remove Ads
Sign In
Join for FREE
Feedback
Dark Mode
Quiz Categories
Sports
Geography
Music
Movies
Television
Just For Fun
Miscellaneous
History
Literature
Language
Science
Gaming
Entertainment
Religion
Holiday
For Kids
Quiz Lab
Recent
Popular Today
Quiz Kudos Today
Editor Picks
Curator Picks
Quizzes by...
Day
Popularity
Type
Ratings
Length
Year
Community
Subscriptions
Recent Discussions
Orange Saloon
Badges
Playlists
Quests
Create
Leaderboards
Showdown
Live 5
Trivia Bingo
Activity
Puzzle Library
Sporcle Events
Private Events
Virtual Trivia
Globe League
Become a Host
Pub Owners
SporcleCon
Opinionation
Our Games
Videos
Blog
Mobile Apps
Partnerships
Remove Ads and Go Orange
Feedback
Music
Pop Music
The Beatles
Song
Album
Lyrics
Bands
Singers
Artist
Clip
Rock
Rap
Classical
Billboard
Country Music
Kpop
Taylor Swift
Music
Pop Music
The Beatles
Song
Album
Lyrics
Bands
Singers
Artist
Clip
Rock
Rap
Classical
Billboard
Country Music
Kpop
Taylor Swift
Random Quiz
Search Sporcle
×
Quiz Lab
Quiz Lab
Music
Lyrics
Type in answers that appear in a list
Type in answers that appear in a list
Classic
Best Score? Go Orange.
'Bad Day' Lyrics Stats
Can you name the lyrics to 'Bad Day' by Daniel Powter?
By
hello7671
10m
296 Questions
606 Plays
606 Plays
606 Plays
Comments
Comments
Give Quiz Kudos
Give Quiz Kudos
-
- Ratings
hide this ad
More Info
Replay
Link that replays current quiz
Next Quiz
Link to next quiz in quiz playlist
You Got
0%
They Got
Avg Score
73%
Avg Friend Score
Upgrade to see
Score Distribution
Jump to the score distribution portion of the page
Score
0/296
Timer
10:00
0
Plays Today
Hint
Answer
% Correct
I
95.7%
I
95.7%
I
95.7%
i
95.7%
a
bad
91.7%
a
bad
91.7%
a
bad
91.7%
a
bad
91.7%
a
bad
91.7%
a
bad
91.7%
a
bad
91.7%
a
bad
91.7%
a
bad
91.7%
a
bad
91.7%
a
bad
91.7%
a
bad
91.7%
day
91.4%
day
91.4%
day
91.4%
day
91.4%
day
91.4%
day
91.4%
day
91.4%
day
91.4%
day
91.4%
day
91.4%
day
91.4%
day
91.4%
you
had
91.1%
you
had
91.1%
you
had
91.1%
you
had
91.1%
you
had
91.1%
you
had
91.1%
you
had
91.1%
you
had
91.1%
you
had
91.1%
you
had
91.1%
you
had
91.1%
had
91.1%
the
90.6%
the
90.6%
the
90.6%
is
88.7%
and
88.7%
is
88.7%
and
88.7%
and
88.7%
and
88.7%
and
88.7%
is
88.7%
and
88.7%
and
88.7%
and
88.7%
and
88.7%
and
88.7%
and
88.7%
is
88.7%
you
and
88.7%
and
88.7%
is
88.7%
and
88.7%
and
88.7%
to
87.9%
to
87.9%
to
87.9%
to
87.9%
to
87.9%
to
87.9%
to
87.9%
o
87.6%
o
87.6%
o
87.6%
don't
86.8%
don't
86.8%
it
86.8%
you
don't
86.8%
don't
86.8%
don't
86.8%
don't
86.8%
don't
86.8%
it
86.8%
you
don't
86.8%
don't
86.8%
don't
86.8%
don't
86.8%
it
86.8%
it
86.8%
it
86.8%
you
don't
86.8%
don't
86.8%
it
86.8%
need
85.8%
need
85.8%
you
need
85.8%
need
85.8%
you
need
85.8%
on
85.3%
on
85.3%
Hint
Answer
% Correct
on
85.3%
on
85.3%
where
84.9%
where
84.9%
go
84.1%
you
go
84.1%
you
go
84.1%
you
go
84.1%
up
83.3%
up
83.3%
me
83.1%
me
83.1%
me
83.1%
me
83.1%
me
83.1%
me
83.1%
your
82.3%
your
82.3%
your
82.3%
the
most
81.8%
most
81.8%
turn
81.5%
turn
81.5%
turn
81.5%
tell
81%
tell
81%
you
tell
81%
you
tell
81%
you
tell
81%
you
tell
81%
so
80.8%
down
80.3%
down
80.3%
down
80.3%
down
80.3%
down
80.3%
just
80.1%
just
80.1%
just
80.1%
just
80.1%
lie
80%
lie
80%
lie
80%
lie
80%
lie
80%
one
79.3%
one
79.3%
one
79.3%
one
79.1%
around
79%
around
79%
around
79%
the
magic
78.8%
the
magic
78.8%
a
smile
78.6%
a
smile
78.6%
a
smile
78.6%
a
smile
78.6%
lost
78.5%
no
78.5%
no
78.5%
no
78.5%
lost
78.5%
you
say
77.2%
you
say
77.2%
you
say
77.2%
you
say
77.2%
song
76.7%
song
76.7%
song
76.7%
you
sing
76%
you
sing
76%
you
sing
76%
a
sad
75.7%
a
sad
75.7%
a
sad
75.7%
the
moment
74.8%
know
74.2%
know
74.2%
you
know
74.2%
know
74.2%
cause
73.3%
cause
73.3%
for
73.2%
for
73.2%
for
73.2%
for
73.2%
the
leaves
72.8%
the
leaves
72.8%
you're
72.5%
You're
72.5%
you're
72.5%
you're
72.5%
you're
72.5%
you're
72.5%
you're
72.5%
blue
71.7%
a
blue
71.7%
you
kick
70.5%
Hint
Answer
% Correct
you
kick
70.5%
needed
70.2%
be
69.7%
a
ride
69.2%
a
ride
69.2%
a
ride
69.2%
we
68.7%
the
passion
68%
taking
67.7%
taking
67.7%
taking
67.7%
gone
67.4%
when
67.2%
time
67.1%
time
67.1%
gray
65.9%
away
64.6%
skies
64.2%
you
work
63.2%
you
work
63.2%
you
work
63.2%
fade
62.6%
the
coffee
61.9%
the
line
60.3%
line
60.3%
the
camera
60.1%
the
camera
60.1%
in
59.9%
what
59.6%
what
59.6%
carrying
59.3%
carrying
59.3%
carrying
59.3%
sky
59.1%
at
57.9%
at
57.9%
at
57.9%
at
57.9%
with
57.6%
way
57.1%
every
57.1%
pieces
56.5%
back
56.1%
back
56.1%
back
56.1%
mind
55.3%
holiday
55.3%
mind
55.3%
holiday
55.3%
off
55.1%
you
really
54.1%
you
really
54.1%
they
53.3%
they
53.3%
passion's
53.3%
they
53.3%
been
52.6%
that
52.3%
that
52.3%
falling
52.2%
faking
51.5%
life's
51.5%
a
new
49%
coming
48.2%
coming
48.2%
out
48%
wrong
47.8%
not
47.8%
not
47.8%
wrong
47.8%
you
stand
47.2%
sometimes
47%
low
46.4%
laugh
46.2%
oh
45.4%
hit
43.9%
you've
43.9%
turns
42.7%
more
42.7%
goes
42.4%
the
system
42.2%
feel
42.2%
thing
42.1%
whole
41.9%
well
41.2%
I'm
41.2%
the
point
41.1%
make
40.1%
how
39.4%
yeah
38.1%
you
might
36.8%
does
35.1%
you
like
34.9%
strong
29.5%
you
could
29.3%
blink
27.5%
seen
19.4%
will
15.4%
Quiz Playlist
Details
Report
Send in Message
Add To Playlist
More Info:
Guess the words, one at a time. "a", "the", and "you" are already filled in.
Classic:
Type in answers that appear in a list
Quiz Source
Last Updated: Feb 16, 2017
Quiz Scoreboard
CHALLENGE
Sign Up to Join the Scoreboard
Show All
Scores
Hide
Comments
May contain spoilers
Recently Published
Two Season TV Shows II
by 123Four
Television
10m
Image Sorting: Flags VI
by Barbecue
Geography
2m
Find the 'City' Movie
by crazypaving
Movies
60s
More to Explore
Quiz From the Vault
Featured Blog Post
14 Easter Pick-up Lines to Find Eggs With
hide this ad
You Might Also Like...
Tags
Lyrics Quiz
daniel
Day
Today's Top Quizzes in Music
Browse Music
hide this ad
Today's Top Quizzes in Lyrics
Browse Lyrics
Top Contributed Quizzes in Music
1
5X2 Blitz: Bands II
2
5X2 Blitz: The Beatles
3
Taylor Swift All Songs (2024)
4
5X2 Blitz: Billboard
5
5X2 Blitz: Billboard II
6
5X2 Blitz: Album
7
5X2 Blitz: Rock
8
5X2 Blitz: Singers
9
Music Artist by Three 2010s hits
10
5X2 Blitz: Lyrics
Explore More
Trending Topics
NBA
Crossword
Anime
Harry Potter
Marvel
Disney
Kpop
Puzzle
Soccer
Song
NFL
Country
Pokémon
The Office
WWE
hide this ad
More By:
hello7671
Quiz
Plays
Rating
Category
Featured
Created
'The Man Who Can't Be Moved' by The Script Lyrics
3,278
4.18
Music
Mar 1, 2014
'Bubbly' Colbie Caillat lyrics
732
3.33
Music
Sep 6, 2013
'Bad Day' Lyrics
606
2.71
Music
Sep 6, 2013
Don't Lean On Me - The Amity Affliction Lyrics
443
5.00
Music
Dec 14, 2015
Go to Creator's Profile
Score Distribution
Quiz Creator Spotlight
hello7671
Follow
Send a Message
Quizzes Created
-
Created Quiz Play Count
-
More By This Creator
Popular Quizzes Today
1
Colored Red Africa Blitz
2
Find the US States - No Outlines Minefield
3
Find the 'City' Movie
4
5x2 Blitz: Bands
5
The Countries of the World
6
Find the US States
7
Find the Countries of Europe - No Outlines Minefield
8
US States
More Music Quizzes
30 Two-Word 'G' Musicians Match-Up
Published
Trending Quizzes
Colored Red Europe Blitz I
Colored Red Africa Blitz II
Colored Red Europe Blitz II
Colored Red Africa Blitz III
Colored Red Europe Blitz III
Recently Updated
How Do You Spell That?
pecheneg
Godzilla Movies
pecheneg
Grab Bag: 4-10 Letters
pecheneg
2024 March Madness Bracket
pecheneg
Famous TV Couples
Peacemaker
Champions League XIs: Real Madrid
pecheneg
Largest US Cities 1790-2010
pecheneg
Rides in Walt Disney World
pecheneg
Most Oscar Losses (Acting)
pecheneg
Beyoncé Albums
pecheneg
Trending Topics
Harry Potter
Crossword
Marvel
Kpop
Disney
Anime
NBA
Soccer
WWE
The Office
Country
Puzzle
Song
NFL
Pokémon
Your Account Isn't Verified!
In order to create a playlist on Sporcle, you need to verify the email address you used during registration. Go to your
Sporcle Settings
to finish the process.
Report this User
Report this user for behavior that violates our
Community Guidelines
.
Details:
Send Report
Go to the Sporcle.com Mobile Site →
Comments